000 00324nam a22001457a 4500
008 230508b ||||| |||| 00| 0 eng d
020 _a9781305631830
041 _aeng
080 _a339
082 _a339LAM
100 _a24
101 _aMARKETING
245 _aMKTG 10 PRINCIPLES OF MARKETING
_cLAMB
942 _2udc
_cBK
999 _c59673
_d59673